000 00952nam a2200277Ia 4500
003 OSt
005 20221006153437.0
006 a|||||r|||| 00| 0
007 ta
008 221006b |||||||| |||| 00| 0 eng d
024 _a32,338
037 _bGift, Korean Embassy
_cTextual
040 _aEASL
_cEASL
_beng
041 _2eng
_aeng
082 _aXg495, P5
100 _aMINISTRY OF FINANCE AND ECONOMY REPUBLIC OF KOREA
_9663976
245 0 _aGuide for practical economic information on Korea
_b Selected Q&As from MOFE's own interactive feature, catch in 24 hours
260 _aKorea
_bOffice for Government Policy Coordination Korean Overseas
_c2005
300 _a101p.
_ccm.
490 _v KEL
650 _a Economical mesurment
_9663977
650 _a KEL
650 _aGuide
_9663978
942 _hXg495, P5
_cTEXL
_2CC
999 _c1100424
_d1100424